mysqli: Table './ulib62015/stat_globaluid' is marked as crashed and should be repaired
select id from stat_globaluid where statuid='20260517234250_2886'
mysqli: Table './ulib62015/stat_globaluid' is marked as crashed and should be repaired
DELETE FROM stat_globaluid
WHERE id NOT IN (
SELECT id
FROM (
SELECT id
FROM stat_globaluid
ORDER BY id DESC
LIMIT 100
) foo
);
mysqli: Table './ulib62015/stat_globaluid' is marked as crashed and should be repaired
insert into stat_globaluid set
statuid='20260517234250_2886',
dt='1779036170',
phpself='/ULIB62015/dublinfull.php',
agent='Mozilla/5.0 AppleWebKit/537.36 (KHTML, like Gecko; compatible; ClaudeBot/1.0; +claudebot@anthropic.com)',
yea='2026',
mon='5',
dat='17',
ip='216.73.216.45'
mysqli: Table './ulib62015/stathist_viewbib_bib_type' is marked as crashed and should be repaired
insert into stathist_viewbib_bib_type set
dat='17' ,
mon='05' ,
yea='2026' ,
statuid='20260517234250_2886' ,
head='31312' ,
foot='marc' ,
dt='1779036170'
| LEADER : 01174nam 2200277 a 4500 |
| 001 31312 |
| 003 ULIB |
| 008 030417s2549 caua sb 001 0 tha |
| 020 ^a9744510552
|
| 060 4 ^aQU4^bป267ช 2549
|
| 100 ^aประดิษฐ์ มีสุข
|
| 245 10 ^aชีวเคมีเบื้องต้น (เคมีชีวิต) /^cประดิษฐ์ มีสุข
|
| 250 ^aพิมพ์ครั้งที่ 5
|
| 260 ^aสงขลา :^bภารกิจเอกสารและตำรา กลุ่มงานส่งเสริมการศึกษา มหาวิทยาลัยทักษิณ,^c2549
|
| 300 ^a491 หน้า :^bภาพประกอบ ;^c30 ซม.
|
| 490 0 ^aภารกิจเอกสารและตำรา มหาวิทยาลัยทักษิณ ;^vลำดับที่ 119
|
| 650 4 ^aชีวเคมี
|
| 710 2 ^aมหาวิทยาลัยทักษิณ.^bกลุ่มงานบริการการศึกษา.^bภารกิจเอกสารและตำรา
|
| 710 2 ^aมหาวิทยาลัยทักษิณ.^bคณะวิทยาศาสตร์.^bภาควิชาเคมี
|
| 945 ^p300^l0^i011465
|
| 945 ^p300^l0^i011464
|
| คุณยังไม่ได้ล็อกอิน คุณสามารถมีกิจกรรมร่วมกับเว็บไซต์ได้ แต่ต้องล็อกอินก่อน :: |
|
|
|
| ลำดับที่ |
ประเภท |
เลขเรียก/บาร์โค้ด |
สถานที่ |
สถานะ |
| 1. |
 หนังสือ | QU4 ป267ช 2549 ฉ.1 Barcode: 011464 | หนังสือทั่วไป | บนชั้น ขอยืม |
| 2. |
 หนังสือ | QU4 ป267ช 2549 ฉ.2 Barcode: 011465 | หนังสือทั่วไป | บนชั้น ขอยืม |
รายการใกล้เคียง
ผู้แต่ง [ประดิษฐ์ มีสุข]
หัวเรื่อง [ชีวเคมี]
|
|
ยังไม่เคยถูกคอมเมนท์
|
| คอมเมนท์ทรัพยากรรายการนี้ |
|